[Event "Madrid San Viator op 18th"]
[Site "Madrid"]
[Date "2012.04.15"]
[Round "3"]
[White "Algaba Traspuesto, Jose Antonio"]
[Black "Balsinde Montemayor, Lucas"]
[Result "1-0"]
[WhiteElo "1674"]
[BlackElo "1356"]
[PlyCount "105"]
[EventDate "2012.03.25"]
[EventType "swiss"]
[EventRounds "9"]
[EventCountry "ESP"]
[SourceTitle "EXT 2013"]
[Source "ChessBase"]
[SourceDate "2012.11.22"]
[SourceVersion "1"]
[SourceVersionDate "2012.11.22"]
[SourceQuality "1"]

1. d4 d5 2. e3 e6 3. Bd3 Nf6 4. Nd2 Nbd7 5. f4 c5 6. b3 cxd4 7. exd4 Qc7 8. g3 Qc3 9. Rb1 Qxd4 10. Ndf3 Qb6 11. Ne2 Nc5 12. Be3 Nxd3+ 13. Qxd3 Bc5 14. Ned4 Ne4 15. 0-0 0-0 16. c3 Bd7 17. a4 Bxd4 18. Bxd4 Qa5 19. Nd2 Nc5 20. Qe3 Na6 21. Nf3 Nb8 22. Ne5 a6 23. Bb6 d4 24. Qxd4 Qd5 25. Rfd1 Qxd4+ 26. Rxd4 Bc6 27. Rbd1 f6 28. Nxc6 Nxc6 29. Rd7 Rf7 30. Rxf7 Kxf7 31. Rd7+ Kg6 32. Rxb7 Rb8 33. Rxb8 Nxb8 34. c4 e5 35. fxe5 fxe5 36. Bc7 Nc6 37. b4 Nxb4 38. Bxe5 Kf7 39. Kf1 Nd3 40. Bc3 g6 41. Ke2 Nc5 42. a5 Ke6 43. Ke3 Kd6 44. Bb4 Kc6 45. Bxc5 Kxc5 46. Kd3 Kc6 47. Kd4 Kd6 48. c5+ Kc6 49. Kc4 Kc7 50. Kd5 Kd7 51. c6+ Kc7 52. Kc5 h5 53. h4 1-0